000 00341nam a22001457a 4500
008 230613b ||||| |||| 00| 0 eng d
020 _a9780781732031
041 _aeng
080 _2SIXTH EDITION
_a618
082 _a618YAF
100 _a15
101 _aGJINK
245 _aDRUGS IN PREGNANCY AND LACTATION
_cYAFFE.J.S
942 _2udc
_cBK
999 _c59960
_d59960